Martin McDonagh Filmography - Statistics

General Stats
  • This quiz has been taken 7 times
    3 since last reset
  • The average score is 15 of 30
Answer Stats
Type Year Name % Correct
Film Director 2008 In Bruges
100%
Film Screenplay 2008 In Bruges
100%
Film Director 2012 Seven Psychopaths
100%
Film Screenplay 2012 Seven Psychopaths
100%
Film Production 2012 Seven Psychopaths
100%
Film Director 2022 The Banshees of Inisherin
100%
Film Screenplay 2022 The Banshees of Inisherin
100%
Film Production 2022 The Banshees of Inisherin
100%
Film Director 2017 Three Billboards Outside Ebbing, Missouri
100%
Film Screenplay 2017 Three Billboards Outside Ebbing, Missouri
100%
Film Production 2017 Three Billboards Outside Ebbing, Missouri
100%
Short Film Director 2004 Six Shooter
67%
Short Film Screenplay 2004 Six Shooter
67%
Film Director TBA Wild Horse Nine
67%
Film Screenplay TBA Wild Horse Nine
67%
Film Production TBA Wild Horse Nine
67%
Playwright 2015 Hangmen
33%
Film Screenplay 2016 National Theatre Live: Hangmen
33%
Playwright 2010 A Behanding in Spokane
0%
Playwright 1997 A Skull in Connemara
0%
Playwright 2018 A Very Very Very Dark Matter
0%
Playwright 1997 The Beauty Queen of Leenane
0%
TV Film Screenplay 2010 The Beauty Queen of Leenane
0%
Playwright 1996 The Cripple of Inishmaan
0%
Film Production 2011 The Guard
0%
Playwright 2000 The Lieutenant of Inishmore
0%
Playwright 1997 The Lonesome West
0%
Playwright 2003 The Pillowman
0%
Short Film Screenplay 2011 The Pillowman
0%
Short Film Production 2000 The Second Death
0%
No matching quizzes found
Score Distribution
Percent of People with Each Score
Percentile by Number Answered
Your Score History
You have not taken this quiz since the last reset